000 00733nam a22002177a 4500
003 UA-OsUOA
001 137058
007 ta
008 20190422b un ||||| |||| 00| 0 ukr d
100 _aПільгун М.
090 _a355
_bП36
942 _cSA
040 _aUA-OsUOA
_bukr
_cUA-OsUOA
_dUA-OsUOA
245 _aДецентралізація влади в умовах реформування публічного управління в Україні
300 _aС.87-93
955 _a0
041 _aukr
080 _a355
773 0 _w137057
_tНовий клегіум
_dХарків
_d2019
_g1
650 7 _a35 Державно-адміністративне управління. Військова справа
_2UDC
999 _c412327
_d412327